ბათუმის შოთა რუსთაველის სახელმწიფო უნივერსიტეტის ბიბლიოთეკა

Биология индивидуального развития(Генетический аспект) (ბიბ.ჩანაწერი № 35093)

000 -LEADER
fixed length control field 00808nam a2200265Ia 4500
001 - CONTROL NUMBER
control field 934
003 - CONTROL NUMBER IDENTIFIER
control field GE_BSU
008 - FIXED-LENGTH DATA ELEMENTS--GENERAL INFORMATION
fixed length control field 181216s||||||||xx |||||||||||||| ||und||
020 ## - INTERNATIONAL STANDARD BOOK NUMBER
International Standard Book Number 5211044800
040 ## - CATALOGING SOURCE
Transcribing agency GE_BSU
080 ## - UNIVERSAL DECIMAL CLASSIFICATION NUMBER
Universal Decimal Classification number 575.1(075.8):573(075.8)
100 ## - MAIN ENTRY--PERSONAL NAME
Personal name Корочкин,Л.И.
245 ## - TITLE STATEMENT
Title Биология индивидуального развития(Генетический аспект)
245 ## - TITLE STATEMENT
Remainder of title Уч-к для студ. биологических спец.
260 ## - PUBLICATION, DISTRIBUTION, ETC.
Place of publication, distribution, etc. Москва
260 ## - PUBLICATION, DISTRIBUTION, ETC.
Name of publisher, distributor, etc. МГУ
260 ## - PUBLICATION, DISTRIBUTION, ETC.
Date of publication, distribution, etc. 2002
300 ## - PHYSICAL DESCRIPTION
Extent 264стр.
653 ## - INDEX TERM--UNCONTROLLED
Uncontrolled term Биология индивидуального развития
653 ## - INDEX TERM--UNCONTROLLED
Uncontrolled term Генетика
653 ## - INDEX TERM--UNCONTROLLED
Uncontrolled term ბიოლოგია
653 ## - INDEX TERM--UNCONTROLLED
Uncontrolled term გენეტიკა
942 ## - ADDED ENTRY ELEMENTS (KOHA)
Koha item type წიგნი
ეგზემპლარები
Withdrawn status Lost status Damaged status Not for loan Date acquired Barcode Date last seen Price effective from Koha item type Public note
        2018-12-17 2452 2018-12-17 2018-12-17 წიგნი დარბაზი